| 000 | 02936nam a2200325Ia 4500 | ||
|---|---|---|---|
| 999 |
_c55000 _d55000 |
||
| 001 | 22071 | ||
| 003 | GE_BSU | ||
| 005 | 20221012163323.0 | ||
| 008 | 181216s ||||ge |||||||||||||| ||geo|| | ||
| 020 | _a9789941468087 | ||
| 040 | _cGE_BSU | ||
| 041 | _ageo | ||
| 080 | _a821.124.03=353.1 რ-79 | ||
| 245 |
_aრომაული ლირიკის მწვერვალები = Lyrica romana : _b[კრებული] / _cლათინურიდან თარგმნა, შესავალი წერილი, წინათქმები და კომენტარები დაურთო მანანა ღარიბაშვილმა ; რედაქტორები : გიორგი ლობჟანიძე, დავით წერედიანი ; დიზაინი ალექსანდრე ჯიქურიძე. |
||
| 264 |
_aთბილისი : _bლოგოსი, _c2016. |
||
| 300 |
_a286 გვ. : _b ილ. ; _c21 სმ. |
||
| 490 | _aპროგრამა ”ლოგოსი” : პუბლიკაციები და ღონისძიებები კლასიკური ფილოლოგიის, ბიზანტინისტიკისა და ნეოგრეცისტიკის სფეროში | ||
| 500 | _aწიგნი გამოიცა ქართული წიგნის ეროვნული ცენტრის და საქართველოს კულტურისა და ძეგლთა დაცვის სამინისტროს მხარდაჭერით | ||
| 501 | _aწიგნში გამოყენებულია პაბლო პიკასოს ილუსტრაციები | ||
| 501 | _aწიგნში გამოყენებულია პაბლო პიკასოს ილუსტრაციები | ||
| 504 | _aკომენტარები გვ. : 247-286 | ||
| 520 | _aწიგნში გამოყენებულია პაბლო პიკასოს ილუსტრაციები.წიგნი გამოიცა ქართული წიგნის ეროვნული ცენტრის და საქ. კულტურისა და ძეგლთა დაცვის სამინისტროს მხარდაჭერით. | ||
| 541 | _h15ლ. | ||
| 653 | _aლათინური ლიტერატურა | ||
| 653 | _aრომაული ლირიკის მწვერვალები = Lyrica romana | ||
| 653 | _a[კრებული] | ||
| 700 |
_aლობჟანიძე, გიორგი _eრედაქტორი _96092 |
||
| 700 |
_aწერედიანი, დავით _eრედაქტორი _912333 |
||
| 942 |
_cBK _2udc |
||